Animals by Wikipedia Description - Statistics

General Stats
  • This quiz has been taken 14,280 times
    14,237 since last reset
  • The average score is 12 of 20
Answer Stats
Hint Animal % Correct
The largest species of bear {Polar} bear
95%
Extinct relatives include mammoths and mastodons Elephant
94%
The largest living primate Gorilla
92%
The constellation Leo was first recognised by the Sumerians around 4,000 years ago Lion
86%
A young ____, called a foal, can stand and run shortly following birth Horse
75%
Can rotate their heads and necks as much as 270° Owl
73%
Its spray is sufficiently powerful to be detected by a human nose up to 5.6 km (3.5 miles) downwind Skunk
72%
Adults range from light pink to bright red due to aqueous bacteria and beta-carotene obtained from their food supply Flamingo
68%
The largest member of the oceanic dolphin family Orca
66%
India has the largest extent of global habitat, followed by Russia Tiger
63%
The only mammal capable of true and sustained flight Bat
62%
Their wings have evolved to become flippers Penguin
60%
Domesticated from the red junglefowl of Southeast Asia around 8,000 years ago Chicken
56%
Notable for their ability to use stones to break open shellfish on their bellies Otter
53%
In the past, was often called the "hunting leopard" because it could be tamed and used for hunting Cheetah
42%
More than three times as many people in Yellowstone National Park are injured by ____ than by bears Bison
39%
Its closest relative is the okapi Giraffe
33%
Has very large, thick-shelled, green eggs Emu
28%
A popular myth is that they are immune to cancer Shark
21%
A group is referred to as a skulk, leash, or earth Fox
14%
No matching quizzes found
Score Distribution
Percent of People with Each Score
Percentile by Number Answered
Your Score History
You have not taken this quiz since the last reset